000 00454nam a2200157 4500
001 138718
003 ES-MaACL
005 20230906195624.0
007 t|
008 070214s1970 sp r ||||1| spa d
100 1 _aSanto Potess, E.
_9103440
245 1 0 _aCentrales eléctricas /
_cpor E. Santo Potess.
260 _aBarcelona :
_bGustavo Gili,
_c1970.
300 _a619 p., 5 lám. ;
_c27 cm +
_e2 lám. pleg.
852 _aES-MaACL
_jC-41377
_bR.77023
999 _c138718
_d138718